[Event "ENG-ch Seniors 65"]
[Site "Milton Keynes"]
[Date "2021.10.07"]
[Round "4"]
[White "Foster, Brian E"]
[Black "Gamble, Raymond J"]
[Result "0-1"]
[WhiteElo "1868"]
[BlackElo "1871"]
[PlyCount "124"]
[EventDate "2021.10.04"]
[EventType "swiss"]
[EventRounds "7"]
[EventCountry "ENG"]
[SourceTitle "EXT 2023"]
[Source "ChessBase"]
[SourceDate "2022.10.05"]
[SourceVersion "1"]
[SourceVersionDate "2022.10.05"]
[SourceQuality "1"]

1. d4 Nf6 2. c4 e6 3. Nc3 d5 4. cxd5 exd5 5. Nf3 Nbd7 6. Bg5 c6 7. e3 Be7 8. Bd3 Ne4 9. Nxe4 dxe4 10. Bxe7 Qxe7 11. Be2 exf3 12. Bxf3 Qb4+ 13. Qd2 Qxd2+ 14. Kxd2 0-0 15. Rac1 Nf6 16. Rhe1 Bg4 17. Ke2 Bxf3+ 18. Kxf3 Rfe8 19. a3 Rad8 20. b4 g5 21. h3 Ne4 22. Red1 f5 23. g3 Kf7 24. Kg2 h5 25. f3 Nf6 26. Kf2 Rd7 27. Re1 Rde7 28. Rc2 Nd5 29. Rce2 Nc3 30. Rc2 Nb5 31. a4 Nxd4 32. Rc4 Ne6 33. f4 gxf4 34. exf4 Nc7 35. Rxe7+ Rxe7 36. Rc5 Kf6 37. b5 cxb5 38. axb5 Ne6 39. Rd5 Rc7 40. Rd6 b6 41. Rd2 Rc5 42. Rd7 Rxb5 43. Rxa7 Rb2+ 44. Ke3 Rb3+ 45. Kf2 b5 46. Ra6 b4 47. Rb6 Rb2+ 48. Kg1 b3 49. h4 Ke7 50. Rb5 Nd4 51. Rd5 Rd2 52. Re5+ Kd6 53. Re8 b2 54. Rb8 Rd1+ 55. Kg2 b1Q 56. Rxb1 Rxb1 57. Kf2 Kd5 58. Ke3 Rb3+ 59. Kf2 Ke4 60. Kg2 Rb2+ 61. Kh3 Kf3 62. g4 fxg4# 0-1

[Event "North Wales Major op 4th"]
[Site "Llandudno"]
[Date "2019.06.22"]
[Round "3"]
[White "Gamble, Raymond J"]
[Black "Parri, Deio"]
[Result "1/2-1/2"]
[WhiteElo "1852"]
[BlackElo "1651"]
[PlyCount "86"]
[EventDate "2019.06.21"]
[EventType "swiss"]
[EventRounds "5"]
[EventCountry "WLS"]
[SourceTitle "EXT 2020"]
[Source "ChessBase"]
[SourceDate "2019.10.17"]
[SourceVersion "1"]
[SourceVersionDate "2019.10.17"]
[SourceQuality "1"]

1. d4 d5 2. Nf3 Nf6 3. e3 e6 4. Bd3 Be7 5. Nbd2 0-0 6. 0-0 Nbd7 7. e4 dxe4 8. Nxe4 Nxe4 9. Bxe4 Nf6 10. Bd3 b6 11. c3 Bb7 12. Qe2 h6 13. Bf4 Bd6 14. Bxd6 cxd6 15. Rfe1 Qd7 16. Rad1 a6 17. h3 b5 18. a3 Rac8 19. Nh2 Rfe8 20. Bb1 Qc6 21. f3 Qc7 22. Ng4 Qe7 23. Qd3 g6 24. Nxh6+ Kg7 25. Ng4 Nxg4 26. fxg4 Bd5 27. Qg3 Rh8 28. Rd2 Rce8 29. Rf2 Bc4 30. Bd3 d5 31. Ref1 Ref8 32. Bxc4 bxc4 33. g5 Rh5 34. Qe5+ Kg8 35. Rf6 Rh4 36. R1f4 Rh7 37. h4 a5 38. g3 a4 39. Rf2 Ra8 40. Qe2 Rf8 41. Qc2 Ra8 42. Rh2 Qc7 43. Qf2 e5 1/2-1/2

[Event "Torquay Paignton Bloodworth op"]
[Site "Torquay"]
[Date "2018.09.07"]
[Round "6"]
[White "Brockes, Jeremy P"]
[Black "Gamble, Raymond J"]
[Result "1/2-1/2"]
[WhiteElo "135"]
[BlackElo "148"]
[PlyCount "57"]
[EventDate "2018.09.02"]
[EventType "swiss"]
[EventRounds "7"]
[EventCountry "ENG"]
[SourceTitle "CBM 187 Extra"]
[Source "ChessBase"]
[SourceDate "2018.11.04"]
[SourceVersion "1"]
[SourceVersionDate "2018.11.04"]
[SourceQuality "1"]

1. Nf3 Nf6 2. c4 b6 3. d4 e6 4. g3 Bb7 5. Bg2 Bb4+ 6. Bd2 Bxd2+ 7. Nbxd2 0-0 8. Qc2 c5 9. dxc5 bxc5 10. 0-0 Nc6 11. a3 Qc7 12. e3 Rab8 13. Rfe1 Ne5 14. e4 Nxf3+ 15. Bxf3 e5 16. Nf1 Bc6 17. Ne3 Qb7 18. Rab1 Qb3 19. Qxb3 Rxb3 20. Bd1 Rb7 21. Nd5 Bxd5 22. exd5 d6 23. Bc2 Rfb8 24. b3 g6 25. f3 Kg7 26. Kg2 Nd7 27. Re3 Nb6 28. Rf1 f5 29. h3 1/2-1/2

[Event "BCF-ch Seniors 65"]
[Site "Llandudno"]
[Date "2017.08.05"]
[Round "7"]
[White "Gamble, Raymond J"]
[Black "Bryant, Richard BE"]
[Result "1/2-1/2"]
[WhiteElo "1894"]
[BlackElo "1976"]
[PlyCount "77"]
[EventDate "2017.07.30"]
[EventType "swiss"]
[EventRounds "7"]
[EventCountry "WLS"]
[SourceTitle "CBM 179 Extra"]
[Source "ChessBase"]
[SourceDate "2017.08.23"]
[SourceVersion "1"]
[SourceVersionDate "2017.08.23"]
[SourceQuality "1"]

1. d4 d5 2. Nf3 Nf6 3. e3 c6 4. b3 Bg4 5. h3 Bh5 6. Bb2 e6 7. Be2 Nbd7 8. Nbd2 Bb4 9. a3 Ba5 10. b4 Bc7 11. Ne5 Bxe2 12. Qxe2 Nxe5 13. dxe5 Nd7 14. f4 b5 15. Bd4 a5 16. 0-0 a4 17. e4 Bb6 18. c3 Qb8 19. Kh1 Bc7 20. Rae1 g6 21. Nf3 Qb7 22. f5 h6 23. exd5 cxd5 24. fxe6 fxe6 25. Nh4 Rg8 26. Nxg6 Rg7 27. Nf4 Nf8 28. Qh5+ Kd7 29. Nd3 Kc6 30. Rf7 Rxf7 31. Qxf7 Qc8 32. Nc5 Qe8 33. Rf1 Ng6 34. Qxe6+ Qxe6 35. Nxe6 Bxe5 36. Bxe5 Nxe5 37. Rf6 Nc4 38. Nd4+ Kd7 39. Nc2 1/2-1/2

[Event "BCF-ch Senior"]
[Site "Torquay"]
[Date "2013.08.06"]
[Round "3.64"]
[White "Stimpson, Philip M"]
[Black "Gamble, Raymond J"]
[Result "1/2-1/2"]
[WhiteElo "2028"]
[BlackElo "2017"]
[PlyCount "64"]
[EventDate "2013.08.03"]
[EventType "swiss"]
[EventRounds "7"]
[EventCountry "ENG"]
[SourceTitle "EXT 2023"]
[Source "ChessBase"]
[SourceDate "2022.10.05"]
[SourceVersion "1"]
[SourceVersionDate "2022.10.05"]
[SourceQuality "1"]

1. e4 e6 2. d4 d5 3. Bd3 Nf6 4. e5 Nfd7 5. Nf3 c5 6. dxc5 Nc6 7. Bf4 Nxc5 8. Nc3 Nxd3+ 9. Qxd3 a6 10. 0-0 Be7 11. Rfe1 0-0 12. Rad1 b5 13. a3 b4 14. axb4 Nxb4 15. Qe2 a5 16. Nd4 Bg5 17. Qg4 Bxf4 18. Qxf4 f6 19. Qg3 f5 20. Ncb5 Bd7 21. Nd6 Qe7 22. f4 Nc6 23. Qc3 Nxd4 24. Qxd4 Rfb8 25. c4 Rb4 26. Nxf5 Qf8 27. Nd6 dxc4 28. f5 Rab8 29. Rf1 c3 30. Qxc3 exf5 31. Rd2 Be6 32. Rdf2 g6 1/2-1/2

[Event "Beacon Seniors op"]
[Site "Exmouth"]
[Date "2008.11.21"]
[Round "5"]
[White "Gosling, Brian GE"]
[Black "Gamble, Raymond J"]
[Result "0-1"]
[WhiteElo "2010"]
[BlackElo "2047"]
[PlyCount "42"]
[EventDate "2008.11.17"]
[EventType "swiss"]
[EventRounds "5"]
[EventCountry "ENG"]
[SourceTitle "EXT 2011"]
[Source "ChessBase"]
[SourceDate "2010.11.26"]
[SourceVersion "1"]
[SourceVersionDate "2010.11.26"]
[SourceQuality "1"]

1. d4 e6 2. Nf3 Nf6 3. Bf4 b6 4. e3 Bb7 5. c3 Be7 6. h3 0-0 7. Nbd2 Ne4 8. Bd3 Nxd2 9. Nxd2 d5 10. Qc2 h6 11. g4 c5 12. dxc5 bxc5 13. 0-0-0 Nc6 14. Nc4 Kh8 15. Ne5 Nxe5 16. Bxe5 Qa5 17. Rhg1 c4 18. Bxc4 dxc4 19. Bxg7+ Kxg7 20. Rd7 Bc6 21. Rxe7 Qd8 0-1

[Event "Beacon Seniors op"]
[Site "Exmouth"]
[Date "2008.11.20"]
[Round "4"]
[White "Gamble, Raymond J"]
[Black "Barton, R Alan"]
[Result "1-0"]
[WhiteElo "2047"]
[BlackElo "2131"]
[PlyCount "165"]
[EventDate "2008.11.17"]
[EventType "swiss"]
[EventRounds "5"]
[EventCountry "ENG"]
[SourceTitle "EXT 2011"]
[Source "ChessBase"]
[SourceDate "2010.11.26"]
[SourceVersion "1"]
[SourceVersionDate "2010.11.26"]
[SourceQuality "1"]

1. d4 e6 2. e4 b6 3. Bd3 Bb7 4. Nf3 c5 5. c3 Nf6 6. Qe2 Be7 7. 0-0 d6 8. Bf4 Nbd7 9. Na3 a6 10. Nc4 Nf8 11. Bxd6 Bxd6 12. Nxd6+ Qxd6 13. e5 Qc6 14. exf6 gxf6 15. Rfe1 Ng6 16. Be4 Qxe4 17. Qxe4 Bxe4 18. Rxe4 f5 19. Ree1 Rg8 20. Rad1 Nf4 21. g3 c4 22. d5 0-0-0 23. dxe6 fxe6 24. Rxd8+ Kxd8 25. Kf1 Nd3 26. Rxe6 Rg6 27. Re2 f4 28. Ne5 Nxe5 29. Rxe5 fxg3 30. hxg3 Kd7 31. Kg2 Kd6 32. f4 Kc6 33. Kf3 Rd6 34. Re2 h5 35. f5 Rd1 36. Kf4 Rf1+ 37. Kg5 Rf3 38. f6 b5 39. Re6+ Kc5 40. Re5+ Kd6 41. Rf5 Rxg3+ 42. Kxh5 Rh3+ 43. Kg6 Ke6 44. f7 Rg3+ 45. Kh5 Kxf5 46. f8Q+ Ke4 47. Kh4 Rg1 48. Qf7 Ke5 49. Kh3 Rb1 50. Qc7+ Ke6 51. Qc6+ Kf5 52. Qxa6 Rxb2 53. Qa3 Rc2 54. Qb4 Ke4 55. a4 bxa4 56. Qxc4+ Ke3 57. Qd4+ Ke2 58. Qxa4 Rxc3+ 59. Kg4 Kd3 60. Kf3 Kd2+ 61. Kf2 Rc2 62. Qd4+ Kc1+ 63. Ke1 Kb1 64. Qd3 Kb2 65. Kd1 Rc3 66. Qb5+ Rb3 67. Qe5+ Kb1 68. Kd2 Ra3 69. Qe4+ Kb2 70. Qc2+ Ka1 71. Kc1 Rb3 72. Qc4 Rb1+ 73. Kd2 Rb2+ 74. Kd3 Rb3+ 75. Kd4 Kb2 76. Qe2+ Ka1 77. Kc4 Rb2 78. Qd1+ Rb1 79. Qa4+ Kb2 80. Qb3+ Kc1 81. Qc3+ Kd1 82. Kd3 Rb3 83. Qxb3+ 1-0

[Event "Beacon Seniors op"]
[Site "Exmouth"]
[Date "2008.11.19"]
[Round "3"]
[White "Stoop, Michael"]
[Black "Gamble, Raymond J"]
[Result "0-1"]
[WhiteElo "1080"]
[BlackElo "2047"]
[PlyCount "54"]
[EventDate "2008.11.17"]
[EventType "swiss"]
[EventRounds "5"]
[EventCountry "ENG"]
[SourceTitle "EXT 2011"]
[Source "ChessBase"]
[SourceDate "2010.11.26"]
[SourceVersion "1"]
[SourceVersionDate "2010.11.26"]
[SourceQuality "1"]

1. d4 e6 2. Nf3 Nf6 3. e3 d5 4. Bd3 b6 5. 0-0 Bb7 6. Nbd2 Nbd7 7. Qe2 Be7 8. b3 0-0 9. Bb2 Ne4 10. c4 Bd6 11. Rac1 Qf6 12. a3 Nxd2 13. Qxd2 dxc4 14. d5 Ne5 15. Nxe5 Bxe5 16. Bxe5 Qxe5 17. f4 Qxd5 18. bxc4 Qc5 19. Kh1 Rad8 20. Qc2 g6 21. Be4 Bxe4 22. Qxe4 a5 23. a4 Rd2 24. Rcd1 Rfd8 25. Rxd2 Rxd2 26. g3 Qh5 27. h4 Qe2 0-1

[Event "Beacon Seniors op"]
[Site "Exmouth"]
[Date "2008.11.18"]
[Round "2"]
[White "Gamble, Raymond J"]
[Black "Waters, Roger G"]
[Result "1-0"]
[WhiteElo "2047"]
[BlackElo "1464"]
[PlyCount "83"]
[EventDate "2008.11.17"]
[EventType "swiss"]
[EventRounds "5"]
[EventCountry "ENG"]
[SourceTitle "EXT 2011"]
[Source "ChessBase"]
[SourceDate "2010.11.26"]
[SourceVersion "1"]
[SourceVersionDate "2010.11.26"]
[SourceQuality "1"]

1. d4 Nf6 2. Nf3 g6 3. Nbd2 Bg7 4. e4 d6 5. c3 0-0 6. Bc4 c5 7. dxc5 dxc5 8. 0-0 Qc7 9. Qc2 Nc6 10. Re1 e5 11. h3 h6 12. Nf1 Kh7 13. Ne3 Re8 14. a4 Na5 15. Bb5 Bd7 16. Bxd7 Qxd7 17. Rd1 Qc7 18. Nd5 Qc6 19. c4 b6 20. Bd2 Nb7 21. Bc3 Nd7 22. a5 g5 23. Qa4 Qxa4 24. Rxa4 Rac8 25. axb6 Nxb6 26. Rxa7 Nxd5 27. Rxd5 Nd8 28. Nxe5 Bxe5 29. Bxe5 Kg6 30. Ra6+ Re6 31. Rdd6 Rxd6 32. Rxd6+ Ne6 33. g3 Ra8 34. f4 gxf4 35. gxf4 Kh7 36. Rd7 Kg8 37. h4 h5 38. f5 Nd8 39. Bf6 Nc6 40. Rc7 Ra1+ 41. Kf2 Nb4 42. Rc8+ 1-0

[Event "Weymouth Major op"]
[Site "Weymouth"]
[Date "2008.10.25"]
[Round "3"]
[White "Gamble, Raymond J"]
[Black "Neatherway, A Philip"]
[Result "1/2-1/2"]
[WhiteElo "1816"]
[BlackElo "1736"]
[PlyCount "43"]
[EventDate "2008.10.24"]
[EventType "swiss"]
[EventRounds "5"]
[EventCountry "ENG"]
[SourceTitle "EXT 2011"]
[Source "ChessBase"]
[SourceDate "2010.11.26"]
[SourceVersion "1"]
[SourceVersionDate "2010.11.26"]
[SourceQuality "1"]

1. d4 Nf6 2. Nf3 c5 3. e3 d5 4. c3 cxd4 5. exd4 Nc6 6. Bd3 e6 7. 0-0 Bd6 8. Re1 Qc7 9. Nbd2 0-0 10. Nf1 g6 11. Bg5 Nh5 12. g3 f6 13. Bh6 Ng7 14. Ne3 Qf7 15. c4 dxc4 16. Bxc4 Na5 17. Bf1 b6 18. Nc4 Bb4 19. Bd2 Bxd2 20. Qxd2 Nxc4 21. Bxc4 Rd8 22. Qe2 1/2-1/2

[Event "ENG-ch Seniors"]
[Site "Dovedale"]
[Date "2008.01.30"]
[Round "3"]
[White "Wheeler, John Francis"]
[Black "Gamble, Raymond J"]
[Result "1/2-1/2"]
[WhiteElo "2142"]
[BlackElo "2026"]
[PlyCount "43"]
[EventDate "2008.01.28"]
[EventType "swiss"]
[EventRounds "5"]
[EventCountry "ENG"]
[SourceTitle "EXT 2009"]
[Source "ChessBase"]
[SourceDate "2008.11.26"]
[SourceVersion "1"]
[SourceVersionDate "2008.11.26"]
[SourceQuality "1"]

1. d4 d5 2. c4 e6 3. Nc3 Be7 4. Nf3 Nf6 5. Bg5 0-0 6. e3 b6 7. cxd5 Nxd5 8. Bxe7 Qxe7 9. Rc1 Nxc3 10. Rxc3 Bb7 11. Be2 Rc8 12. Qc2 c5 13. dxc5 Rxc5 14. Rxc5 bxc5 15. 0-0 Nd7 16. Rc1 Rc8 17. Nd2 h6 18. Bf3 Bxf3 19. Nxf3 Nb6 20. h3 c4 21. Nd4 Qb4 22. a3 1/2-1/2

[Event "Beacon Seniors op"]
[Site "Exmouth"]
[Date "2006.11.17"]
[Round "5"]
[White "Gamble, Raymond J"]
[Black "Reynolds, D Ian W"]
[Result "1/2-1/2"]
[WhiteElo "1792"]
[BlackElo "1976"]
[PlyCount "43"]
[EventDate "2006.11.13"]
[EventType "swiss"]
[EventRounds "5"]
[EventCountry "ENG"]
[SourceTitle "EXT 2008"]
[Source "ChessBase"]
[SourceDate "2007.11.25"]
[SourceVersion "1"]
[SourceVersionDate "2007.11.25"]
[SourceQuality "1"]

1. d4 Nf6 2. Nf3 e6 3. e3 b6 4. Bd3 Bb7 5. Nbd2 c5 6. 0-0 Nc6 7. c3 cxd4 8. exd4 d5 9. Re1 Be7 10. Ne5 Nxe5 11. dxe5 Nd7 12. Qg4 g6 13. Nf3 Qc7 14. Bf4 Nc5 15. Bb5+ Bc6 16. Nd4 Bxb5 17. Nxb5 Qd7 18. Qe2 Nb7 19. Rac1 a6 20. Nd4 0-0 21. Bh6 Rfc8 22. Qe3 1/2-1/2